000 00238nmm a2200085Ia 4500
008 220120s9999||||xx |||||||||||||||||und||
100 _aDigit
245 0 _aGoogle I/O event, andriod L rom, android DK, 11 cloud based
260 _aNine dot Nine
999 _c139928
_d139928